000 00389pab a2200145 454500
008 180718b1983 xxu||||| |||| 00| 0 eng d
100 _aSilverman, Buddy Robert S.
245 _aShy the merit pay system failed in the federal government
260 _c1983
300 _a294-202
362 _aApr.
650 _aPersonnel, Public - U.S.A.
773 _aPersonnel Journal
909 _a15040
999 _c15040
_d15040